| 000 | 00488nam a22001577a 4500 | ||
|---|---|---|---|
| 008 | 160512b xxu||||| |||| 00| 0 eng d | ||
| 020 | _a1592577514 | ||
| 040 |
_aKABU _cKABU |
||
| 050 |
_aML160 _b.M55 2008 c.1 |
||
| 100 | _aMiller, Michael | ||
| 245 |
_aThe complete idiot's guide to music history _cby Michael Miller |
||
| 260 |
_aNew York _bALPHA _c2008 |
||
| 300 | _a315 p. | ||
| 650 |
_aMusic _xHistory and criticism |
||
| 942 |
_2lcc _cBK _hML160 .M55 2008 c.1 |
||
| 999 |
_c15954 _d15954 |
||